000 00441nam a22001697a 4500
003 SGT
020 _a9789386691491
082 _a617.3
_bN20N
100 _aNATARAJAN, MAYIL V.
245 _aNATARAJAN'S TB. OF ORTHPAEDICS AND TRAUMATOLOGY
250 _a8TH
260 _aINDIA
_bWOLTERS KLUWER PUB
_c2020
300 _a446
650 _aORTHOPAEDICS
653 _aNATARAJAN'S TB. OF ORTHPAEDICS AND TRAUMATOLOGY
942 _2ddc
_cBK
_022
999 _c23328
_d23328